[Event "Rome-B"]
[Site "Rome"]
[Date "1984.??.??"]
[Round "2"]
[White "Passerotti, Pierluigi"]
[Black "Andruet, Gilles"]
[Result "0-1"]
[WhiteElo "2325"]
[BlackElo "2420"]

1.e4 c5 2.c3 Nf6 3.e5 Nd5 4.d4 cxd4 5.Nf3 e6 6.cxd4 b6 7.Nc3 Nxc3 8.bxc3 Qc7
9.Bd2 Bb7 10.Bd3 d6 11.O-O Nd7 12.Re1 Be7 13.Re3 Rc8 14.Qe2 Bxf3 15.Rxf3 dxe5
16.Re1 Bf6 17.g4 h6 18.Bc1 Qxc3 19.Bb5 Qxc1 20.Rxc1 Rxc1+ 21.Kg2 exd4 22.Qe4 Rc5
23.Qa8+ Ke7 24.Qxh8 Rxb5 25.Qa8 Ra5 26.a3 Rd5 27.Rd3 Nc5 28.Rd1 Rd7 29.f4 d3
30.Qf3 d2 31.Qe2 Bc3 32.h4 Nd3 33.Kf3 Nb2 34.g5 Ba5 35.Rxd2 Rxd2 36.Qe5 hxg5
37.fxg5 f6 38.Qc7+ Rd7 39.Qc2 Nd3 40.gxf6+ gxf6 41.Qc8 Ne5+ 42.Ke2 Nf7 43.h5 Bd2
44.Qc4 Bg5 45.Qb4+ Rd6 46.Qa4 a5  0-1

[Event "Rome-B"]
[Site "Rome"]
[Date "1984.??.??"]
[Round "7"]
[White "Passerotti, Pierluigi"]
[Black "Rigo, Janos"]
[Result "1-0"]
[WhiteElo "2325"]
[BlackElo "2370"]

1.e4 c5 2.c3 Nf6 3.e5 Nd5 4.d4 cxd4 5.cxd4 Qc7 6.Nf3 b6 7.a3 Ba6 8.Bxa6 Nxa6
9.O-O Rc8 10.Nbd2 e6 11.Ne4 Be7 12.Bg5 f6 13.Rc1 Qb7 14.Rxc8+ Qxc8 15.exf6 gxf6
16.Bh6 Qb7 17.Nfd2 f5 18.Qh5+ Kd8 19.Ng5 Kc8 20.Ndf3 Kb8 21.Bg7 Rc8 22.h4 Nac7
23.Qxh7 Ka8 24.Nh3 Ne8 25.Bh6 Nef6 26.Qf7 Ng4 27.Bg7 Bd6 28.h5 Nf4 29.Nxf4 Bxf4
30.Be5 Bc1 31.b4 Bxa3 32.Bg7 Bxb4 33.h6 Bd6 34.h7 Qb8 35.Qh5 Rh8 36.Bxh8 Qxh8
37.Rc1 Kb8 38.Qf7 Nf6 39.Ne5 Nxh7 40.Nxd7+ Ka8 41.Nxb6+ axb6 42.Ra1+ Kb8
43.Qa7+ Kc8 44.Rc1+  1-0

[Event "BUL-ch"]
[Site "Sofia"]
[Date "1984.??.??"]
[Round "?"]
[White "Zahariev, Zahari"]
[Black "Spassov, Liuben"]
[Result "0-1"]
[WhiteElo "2355"]
[BlackElo "2460"]

1.e4 c5 2.c3 Nf6 3.e5 Nd5 4.d4 cxd4 5.Bc4 Nb6 6.Bb3 Nc6 7.Nf3 d5 8.exd6 Qxd6
9.cxd4 Be6 10.O-O Bxb3 11.Qxb3 e6 12.Nc3 Be7 13.Nb5 Qd8 14.Be3 O-O 15.Rfd1 Nd5
16.Ne5 Bf6 17.Nxc6 bxc6 18.Na3 Rb8 19.Qc2 c5 20.Nc4 Nb4 21.Qa4 Qd5 22.Rac1 cxd4
23.a3 Nc6 24.Bf4 e5 25.Ne3 Qe4 26.Rxc6 exf4 27.Ng4 Bd8 28.Qc2 d3 29.Qc4 Qe2  0-1

[Event "URS-FL"]
[Site "Sverdlovsk"]
[Date "1984.??.??"]
[Round "?"]
[White "Rozentalis, Eduardas"]
[Black "Rashkovsky, Nukhim N"]
[Result "1/2-1/2"]
[WhiteElo "2490"]
[BlackElo "2420"]

1.e4 c5 2.c3 Nf6 3.e5 Nd5 4.d4 cxd4 5.Qxd4 e6 6.Nf3 Nc6 7.Qe4 f5 8.Qe2 b6
9.g3 a5 10.c4 Ba6 11.Qd1 Nde7 12.Nc3 Ng6 13.Qe2 Bb4 14.Bd2 Qc7 15.a3 Bc5
16.Bg2 Rc8 17.Nb5 Bxb5 18.cxb5 Ncxe5 19.Rc1 Nxf3+ 20.Bxf3 Qb8 21.O-O O-O
22.Rfd1 Qe5 23.Be1 f4 24.b4 axb4 25.axb4 Be7 26.Rxc8 Rxc8 27.Rxd7 Rc1 28.Rd1 Rxd1
29.Qxd1 Qxb5 30.Qe2 fxg3  1/2-1/2

[Event "Thessaloniki ol (Women)"]
[Site "Thessaloniki"]
[Date "1984.??.??"]
[Round "2"]
[White "De Greef, Heleen"]
[Black "Ivanka Budinsky, Maria"]
[Result "1-0"]
[WhiteElo "1945"]
[BlackElo "2255"]

1.e4 c5 2.c3 Nf6 3.e5 Nd5 4.d4 cxd4 5.Nf3 Nc6 6.Bc4 e6 7.cxd4 d6 8.O-O Nb6
9.Bb3 Be7 10.Nc3 Nd7 11.exd6 Bxd6 12.d5 Nce5 13.dxe6 Nxf3+ 14.Qxf3 fxe6 15.Bxe6 Ne5
16.Qd5 Bxe6 17.Qxe6+ Qe7 18.Qxe7+ Kxe7 19.Bg5+ Ke6 20.Nb5 h6 21.Rad1 Bb8
22.Bh4 a6 23.Nd4+ Kf7 24.Rfe1 g5 25.Bg3 Kf6 26.h3 Re8 27.Nb3 b6 28.Nd4 Bc7
29.Nc6 Nxc6 30.Rxe8 Rxe8 31.Bxc7 b5 32.Kf1 Nb4 33.a3 Nc2 34.Ba5 Kf5 35.Bc3 Re4
36.Rd6 b4 37.Rf6+  1-0

[Event "Thessaloniki ol (Women)"]
[Site "Thessaloniki"]
[Date "1984.??.??"]
[Round "9"]
[White "De Greef, Heleen"]
[Black "Chilingirova, Pavlina"]
[Result "1/2-1/2"]
[WhiteElo "1945"]
[BlackElo "2060"]

1.e4 c5 2.c3 Nf6 3.e5 Nd5 4.d4 cxd4 5.Nf3 Nc6 6.Bc4 Nb6 7.Bb3 d6 8.exd6 Qxd6
9.O-O Be6 10.Bxe6 Qxe6 11.Nxd4 Nxd4 12.Qxd4 Rd8 13.Qh4 Qe2 14.Be3 h5 15.Nd2 Qg4
16.Qxg4 hxg4 17.Rfd1 Nc8 18.Ne4 Rxd1+ 19.Rxd1 e6 20.c4 Rh5 21.b3 Be7 22.Bd4 f5
23.Ng3 Rh7 24.Be5 Bf6 25.Bxf6 gxf6 26.f4 gxf3 27.gxf3 Nb6 28.Kg2 Nd7 29.a3 Rh4
30.Ne2 Ne5 31.c5 Nc6 32.Rd6 Ke7 33.Kg3 Rh6 34.Nf4 e5 35.Nd5+ Kf7 36.Rd7+ Ke6
37.Rd6+ Kf7 38.b4 f4+ 39.Kg2 Nd4 40.Rd7+ Ke6 41.Rd6+  1/2-1/2

[Event "Thessaloniki ol (Women)"]
[Site "Thessaloniki"]
[Date "1984.??.??"]
[Round "14"]
[White "Khadilkar, Rohini"]
[Black "Thorsteinsdottir, Gudlaug"]
[Result "1/2-1/2"]
[WhiteElo "2115"]
[BlackElo "2015"]

1.e4 c5 2.c3 Nf6 3.e5 Nd5 4.d4 cxd4 5.cxd4 e6 6.Nf3 Nc6 7.a3 d6 8.Bd3 Qc7
9.O-O a6 10.Qe2 dxe5 11.dxe5 Bc5 12.Qe4 Bd7 13.b4 Ba7 14.Bb2 O-O-O 15.Nbd2 f5
16.Qe1 Nf4 17.Bc4 g5 18.b5 axb5 19.Bxb5 Kb8 20.Rc1 Be8 21.Nb3 Qb6 22.a4  1/2-1/2

[Event "Thessaloniki ol (Women)"]
[Site "Thessaloniki"]
[Date "1984.??.??"]
[Round "14"]
[White "Jackson, Sheila"]
[Black "Chilingirova, Pavlina"]
[Result "1/2-1/2"]
[WhiteElo "2190"]
[BlackElo "2060"]

1.e4 c5 2.c3 Nf6 3.e5 Nd5 4.d4 cxd4 5.cxd4 d6 6.Nf3 Nc6 7.Bc4 Nb6 8.Bb5 dxe5
9.Nxe5 Bd7 10.Nc3 Nxe5 11.dxe5 Bxb5 12.Nxb5 Qxd1+ 13.Kxd1 Nd5 14.Bd2 a6 15.Nc3 O-O-O
16.Ke2 b6 17.Rhd1 e6 18.Rac1 Kb7 19.Nxd5 Rxd5 20.Bc3 Rxd1 21.Rxd1 Kc7 22.Rd3 Be7
23.Rg3 Rg8 24.Kf3 h5 25.Ke4 h4 26.Rg4 Kc6 27.h3 b5 28.f3 g6 29.Bd4 Rh8 30.Rf4 Rh7
31.b3 Bg5 32.Rg4 Rh5 33.Bf2 Bd8 34.Bd4  1/2-1/2

[Event "Tirnavia-B"]
[Site "Trnava"]
[Date "1984.??.??"]
[Round "8"]
[White "Mechkarov, Ventzeslav"]
[Black "Brkljaca, Ante"]
[Result "0-1"]
[WhiteElo "2320"]
[BlackElo "2325"]

1.e4 c5 2.c3 Nf6 3.e5 Nd5 4.d4 cxd4 5.cxd4 b6 6.Nf3 Na6 7.Be2 Nac7 8.O-O e6
9.Bg5 Be7 10.Qd2 O-O 11.Bxe7 Qxe7 12.Na3 f5 13.Nc4 f4 14.Nd6 Ba6 15.Bxa6 Nxa6
16.Qe2 Nac7 17.Qd3 Ne8 18.Qa3 g6 19.Rfe1 Ng7 20.Rac1 g5 21.Ne4 Qxa3 22.bxa3 g4
23.Nh4 Rfc8 24.Kf1 Rxc1 25.Rxc1 Kf8 26.Ke2 Ke7 27.f3 Nf5 28.Nxf5+ exf5 29.Nd6 Ke6
30.Kf2 h5 31.g3 Rh8 32.gxf4 Nxf4 33.Rf1 Nd5 34.Rg1 Rg8 35.Rg3 Ne7 36.Ke3 Nd5+
37.Kf2 h4 38.Rg1 Nf4 39.Ke3 Nd5+ 40.Kf2 Nf4 41.Ke3 Nh3 42.Rg2 g3 43.hxg3 hxg3
44.f4 Rg4 45.Kf3 Nxf4 46.Rxg3 Rxg3+ 47.Kxg3 Ne2+  0-1

[Event "URS Cup"]
[Site "URS"]
[Date "1984.??.??"]
[Round "?"]
[White "Sveshnikov, Evgeny"]
[Black "Tukmakov, Vladimir B"]
[Result "1/2-1/2"]
[WhiteElo "2515"]
[BlackElo "2550"]

1.e4 c5 2.c3 Nf6 3.e5 Nd5 4.d4 cxd4 5.Nf3 Nc6 6.Bc4 Nb6 7.Bb3 d6 8.exd6 Qxd6
9.O-O Be6 10.Bxe6 Qxe6 11.Nxd4 Nxd4 12.Qxd4 Rd8 13.Qh4 Qe2 14.Bd2 h5 15.Qg5 h4
16.Re1 Qh5 17.Na3 Qxg5 18.Bxg5 Rh5 19.Be3 e6 20.Bxb6 axb6 21.Nc4 b5 22.Ne3 h3
23.gxh3 Rxh3 24.a4 b4 25.a5 Bc5 26.cxb4 Bxb4 27.Re2 Rh5 28.a6 Ra8 29.Nc2 Bd6
30.axb7 Rxa1+ 31.Nxa1 Rg5+ 32.Kh1 Rb5 33.Re3 Rxb7 34.Rb3 Rc7 35.Rc3 Rxc3
36.bxc3 Be5 37.Nb3 Bxc3 38.f4 Bf6 39.Nd2 Bd8 40.Kg2 g5 41.fxg5 Bxg5 42.Nf3 Bh6
43.Kg3 Ke7 44.Kg4 Be3 45.Ne5 Kf6 46.Nc4 Bd4 47.h4 Kg7 48.h5 f6 49.Nd6 Be5
50.Nb7 f5+ 51.Kg5 Bf6+ 52.Kf4 Bc3 53.h6+ Kg6 54.Nd6 Kf6 55.Nc4 Kg6 56.Nd6 Bb2
57.h7 Bf6 58.Ne8 Bb2 59.Nd6 Bg7 60.Nc8 Kf6 61.Nd6 Kg6 62.Nc8  1/2-1/2

[Event "Valjevo"]
[Site "Valjevo"]
[Date "1984.??.??"]
[Round "10"]
[White "Zivkovic, Vladislav"]
[Black "Barlov, Dragan"]
[Result "0-1"]
[WhiteElo "2200"]
[BlackElo "2480"]

1.e4 c5 2.c3 Nf6 3.e5 Nd5 4.d4 cxd4 5.Qxd4 e6 6.Nf3 Nc6 7.Qe4 Qc7 8.Nbd2 f5
9.exf6 Nxf6 10.Qh4 d5 11.Bd3 e5 12.Bg6+ hxg6 13.Qxh8 e4 14.Nd4 Ne5 15.O-O g5
16.Nxe4 dxe4 17.Bf4 gxf4 18.Qh4 Nf7 19.f3 e3 20.Qe1 Bd7 21.Qd1 Bc5 22.Qb3 Qb6
23.Rfe1 Bxd4 24.cxd4 Qxb3 25.axb3  0-1

[Event "URS-ch U20"]
[Site "Vilnius"]
[Date "1984.??.??"]
[Round "3"]
[White "Rozentalis, Eduardas"]
[Black "Azmaiparashvili, Zurab"]
[Result "1-0"]
[WhiteElo "2465"]
[BlackElo "2460"]

1.e4 c5 2.c3 Nf6 3.e5 Nd5 4.d4 cxd4 5.Qxd4 e6 6.Nf3 Nc6 7.Qe4 f5 8.Qe2 Qc7
9.g3 Nde7 10.Na3 Ng6 11.Nb5 Qb8 12.Bf4 a6 13.Nbd4 Nxd4 14.Nxd4 b6 15.Bg2 Bb7
16.Bxb7 Qxb7 17.O-O-O Be7 18.h4 O-O 19.h5 Nxf4 20.gxf4 b5 21.Rh3 Rac8 22.Nc2 Rf7
23.Rhd3 Bc5 24.Kb1 Rc7 25.Qd2 Qg2 26.Nd4 h6 27.a3 Qh2 28.f3 Qh4 29.Nb3 Bf2
30.Rd6 Bg3 31.Rxa6 Qxf4 32.Qxf4 Bxf4 33.Re1 Kh7 34.Rb6 g5 35.hxg6+ Kxg6 36.Rxb5 h5
37.Nc5 h4 38.Nd3 Bg3 39.Rg1 Rf8 40.Nf4+ Kf7 41.Nh3 Rfc8 42.Rd1 Ke7 43.Rd4 Be1
44.Kc2 Rg8 45.Kd1 Bg3 46.Ke2 Rd8 47.a4 d6 48.exd6+ Rxd6 49.Rxd6 Kxd6 50.Kd3 Rd7
51.a5 e5 52.b4 Kc6+ 53.Kc4 e4 54.fxe4 fxe4 55.Rb6+ Kc7 56.Re6 Rd1 57.b5 Rh1
58.a6 Bd6 59.Nf2 Ra1 60.Nxe4 h3 61.b6+ Kxb6 62.Rxd6+ Ka7 63.Rh6  1-0

[Event "URS-ch U20"]
[Site "Vilnius"]
[Date "1984.??.??"]
[Round "7"]
[White "Rozentalis, Eduardas"]
[Black "Sturua, Zurab"]
[Result "1-0"]
[WhiteElo "2465"]
[BlackElo "2450"]

1.e4 c5 2.c3 Nf6 3.e5 Nd5 4.d4 cxd4 5.Qxd4 e6 6.Nf3 Nc6 7.Qe4 f5 8.Qe2 Qc7
9.g3 Nde7 10.Na3 Ng6 11.Nb5 Qb8 12.Bf4 a6 13.Nbd4 Nxd4 14.Nxd4 b5 15.Bg2 Bb7
16.Bxb7 Qxb7 17.O-O-O Rc8 18.Kb1 Bc5 19.Nb3 Be7 20.f3 O-O 21.Rd3 Rc7 22.Rhd1 b4
23.Bd2 a5 24.Nxa5 Qb5 25.cxb4 Nxe5 26.Bf4 d6 27.Bxe5 dxe5 28.a3 Bf6 29.Nb3 Re8
30.Nc5 h6 31.Nxe6 Rc4 32.Rc3 Rec8 33.b3 Rxc3 34.Qxb5 Rxb3+ 35.Ka2 Rxf3 36.Qb7 Rfc3
37.Rd7  1-0

[Event "Yerevan"]
[Site "Yerevan"]
[Date "1984.??.??"]
[Round "?"]
[White "Kupreichik, Viktor D"]
[Black "Eolian, Levon S"]
[Result "1/2-1/2"]
[WhiteElo "2480"]
[BlackElo "2425"]

1.e4 c5 2.c3 Nf6 3.e5 Nd5 4.d4 cxd4 5.Nf3 e6 6.cxd4 Nc6 7.Nc3 d6 8.Nxd5 exd5
9.exd6 Bxd6 10.Be2 O-O 11.O-O  1/2-1/2

[Event "Yerevan"]
[Site "Yerevan"]
[Date "1984.??.??"]
[Round "?"]
[White "Malaniuk, Vladimir P"]
[Black "Mnatsakanian, Eduard A"]
[Result "1/2-1/2"]
[WhiteElo "2485"]
[BlackElo "2435"]

1.e4 c5 2.c3 Nf6 3.e5 Nd5 4.d4 cxd4 5.Nf3 Nc6 6.Bc4 Nb6 7.Bb3 d5 8.exd6 Qxd6
9.O-O Be6 10.Bxe6 Qxe6 11.Nxd4 Nxd4 12.Qxd4 Rd8 13.Qh4 Qe2 14.Be3 Qxb2 15.Nd2 Rxd2
16.Bxd2 Qxd2 17.Rfd1 Qh6 18.Qg3 Qc6 19.Rab1 f6 20.Qb8+ Kf7 21.Qxa7 Nd5 22.Qxb7 Qxb7
23.Rxb7 Nxc3 24.Rd8 Nxa2 25.Rc8 g6 26.Rbb8 f5 27.Kf1 Rg8 28.Ke2 Nc3+ 29.Rxc3 Bg7
30.Rxg8 Kxg8 31.Rc8+ Kf7 32.Kd3 Be5 33.h3 h5 34.Rc6 Bb8 35.Ra6 Bd6 36.Kc4 Ke6
37.Kd4 Kf7 38.Kd5 Bb4 39.f3 Bc3  1/2-1/2

[Event "URS-ch sf"]
[Site "Aktjubinsk"]
[Date "1985.??.??"]
[Round "?"]
[White "Vorotnikov, Vladislav V"]
[Black "Giorgadze, Tamaz"]
[Result "1/2-1/2"]
[WhiteElo "2435"]
[BlackElo "2500"]

1.e4 c5 2.c3 Nf6 3.e5 Nd5 4.Nf3 Nc6 5.d4 cxd4 6.Bc4 Nb6 7.Bb3 d5 8.exd6 Qxd6
9.O-O Be6 10.Bxe6 Qxe6 11.Nxd4 Nxd4 12.Qxd4 Qd7 13.Qe5 e6 14.Nd2 Qd5 15.Qe2 Be7
16.c4 Qf5 17.b3 O-O 18.Qe4 Qxe4 19.Nxe4 Rfd8 20.Be3 f5 21.Nc3 Rd7 22.Nb5 a6
23.Nc3 Bf6 24.Bxb6 Bxc3 25.Rad1 Rf7 26.Rd3 Bf6 27.Rfd1 Re8 28.b4 e5 29.a4 e4
30.Rd7 f4 31.Rxf7 Kxf7 32.Rd7+ Re7 33.Rxe7+ Bxe7 34.b5 Ke6 35.g3 g5 36.g4 Kd7
37.Kf1 Bd8 38.Bd4 Ke6 39.Ke2 axb5 40.axb5 Ba5 41.f3 e3  1/2-1/2

[Event "URS-ch sf"]
[Site "Aktjubinsk"]
[Date "1985.??.??"]
[Round "?"]
[White "Vorotnikov, Vladislav V"]
[Black "Gofshtein, Leonid D"]
[Result "1/2-1/2"]
[WhiteElo "2435"]
[BlackElo "2395"]

1.e4 c5 2.c3 Nf6 3.e5 Nd5 4.d4 cxd4 5.Qxd4 e6 6.Nf3 Nc6 7.Qe4 f5 8.Qe2 d6
9.g3 Qc7 10.exd6 Bxd6 11.Bg2 O-O 12.O-O Nf6 13.c4 e5 14.c5 Be7 15.Be3 e4
16.Bf4 Qa5 17.Qc4+ Kh8 18.Ng5 Qxc5 19.Nf7+ Kg8 20.Nh6+ Kh8 21.Nf7+  1/2-1/2

[Event "URS-ch sf"]
[Site "Aktjubinsk"]
[Date "1985.??.??"]
[Round "?"]
[White "Vorotnikov, Vladislav V"]
[Black "Panchenko, Alexander N"]
[Result "1/2-1/2"]
[WhiteElo "2435"]
[BlackElo "2435"]

1.e4 c5 2.c3 Nf6 3.e5 Nd5 4.Nf3 Nc6 5.d4 cxd4 6.Bc4 Nb6 7.Bb3 d5 8.exd6 Qxd6
9.O-O Be6 10.Na3 Bxb3 11.Qxb3 Qd7 12.Rd1 e6 13.Nxd4 Nxd4 14.Rxd4 Qc6 15.Nc4 Bc5
16.Ne5 Qc8 17.Qb5+ Ke7 18.Rg4 g6 19.Be3 Bxe3 20.fxe3 f5 21.Rh4 Qc7 22.e4 Kf6
23.Nf3 Rac8 24.exf5 exf5 25.Kh1 Rhe8 26.Qb4 Rcd8 27.c4 Kg7 28.b3 Kg8 29.Re1 Nd7
30.Rd4 Nf6 31.Rxe8+ Rxe8 32.c5 Ne4 33.Qc4+ Qf7 34.Qxf7+ Kxf7 35.b4 Ke6 36.Nd2 Nxd2
37.Rxd2 Rc8 38.Re2+ Kd7 39.Rd2+ Ke6 40.Re2+ Kd7 41.Rd2+  1/2-1/2

[Event "URS-ch sf"]
[Site "Aktjubinsk"]
[Date "1985.??.??"]
[Round "?"]
[White "Rashkovsky, Nukhim N"]
[Black "Giorgadze, Tamaz"]
[Result "1-0"]
[WhiteElo "2410"]
[BlackElo "2500"]

1.e4 c5 2.c3 Nf6 3.e5 Nd5 4.d4 cxd4 5.Nf3 Nc6 6.Bc4 Nb6 7.Bb3 d5 8.exd6 Qxd6
9.O-O Be6 10.Na3 Bxb3 11.Qxb3 Qd5 12.Nb5 Rc8 13.Nfxd4 Nxd4 14.Nxd4 Qxb3 15.axb3 a6
16.Rd1 e6 17.b4 Be7 18.b5 axb5 19.Ra7 b4 20.Rxb7 Nd5 21.Nf5 Bf8 22.Ne3 Nxe3
23.Bxe3 bxc3 24.bxc3 Be7 25.c4 Rd8 26.Rxd8+ Bxd8 27.c5 O-O 28.c6 Bf6 29.c7 Be5
30.Bd4  1-0

[Event "Bayamo"]
[Site "Bayamo"]
[Date "1985.??.??"]
[Round "2"]
[White "Sariego, Wilfredo"]
[Black "Pigusov, Evgeny"]
[Result "0-1"]
[WhiteElo "2340"]
[BlackElo "2455"]

1.e4 c5 2.c3 Nf6 3.e5 Nd5 4.d4 cxd4 5.Nf3 Nc6 6.Bc4 Nb6 7.Bb3 d6 8.exd6 Qxd6
9.O-O Be6 10.Bxe6 Qxe6 11.Nxd4 Nxd4 12.Qxd4 Rd8 13.Qh4 Qe2 14.Bd2 h5 15.Re1 Qg4
16.Qxg4 hxg4 17.Be3 e6 18.Nd2 Bd6 19.g3 Bb8 20.Bd4 O-O 21.f4 gxf3 22.Nxf3 Nc4
23.Re2 Rfe8 24.Rae1 Na5 25.Be5 Bxe5 26.Rxe5 Nc6 27.R5e2 Rd6 28.Ne5 Nxe5 29.Rxe5 f6
30.R5e2 e5 31.c4 Rc8 32.b3 Kf7 33.Rc1 Ke6 34.Rcc2 Rcd8 35.Kg2 Rd4 36.Kf3 f5
37.Re3 g5 38.c5 e4+ 39.Ke2 Ke5 40.c6 bxc6 41.Rec3 f4  0-1

[Event "Lang mem"]
[Site "Brno"]
[Date "1985.??.??"]
[Round "4"]
[White "Polakova, Petra"]
[Black "Stypka, Mieczyslaw"]
[Result "1/2-1/2"]
[WhiteElo "2000"]
[BlackElo "2295"]

1.e4 c5 2.c3 Nf6 3.e5 Nd5 4.d4 cxd4 5.Nf3 d6 6.Qxd4 e6 7.Nbd2 Nc6 8.Qe4 dxe5
9.Nxe5 Nf6 10.Qa4 Qc7 11.Ndf3 Bd6 12.Nxc6 Bd7 13.Bg5 Qxc6 14.Qxc6 Bxc6 15.Nd4 Be4
16.f3 Bg6 17.Nb5 Bb8 18.Rd1 Ke7 19.Be3 Rc8 20.Bd3 Nd5 21.Bg5+ f6 22.Bxg6 hxg6
23.Bc1 Rh8 24.Kf2 a6 25.Nd4 Ba7 26.c4 Rh4 27.cxd5 Rxd4 28.Rxd4 Bxd4+ 29.Ke2 exd5
30.Rd1 Rc8 31.Rxd4 Rxc1 32.Rxd5 Rh1 33.h3 Ra1 34.a3 Rb1 35.Rd2 Ke6 36.Ke3 Ke5
37.Rc2 Kd5 38.Kd3  1/2-1/2

[Event "Lang mem"]
[Site "Brno"]
[Date "1985.??.??"]
[Round "7"]
[White "Bobanac, Miro"]
[Black "Stypka, Mieczyslaw"]
[Result "1/2-1/2"]
[WhiteElo "2265"]
[BlackElo "2295"]

1.e4 c5 2.c3 Nf6 3.d3 e6 4.g3 Nc6 5.Bg2 d5 6.Qc2 Be7 7.Ne2 O-O 8.O-O b6 9.f4 dxe4
10.dxe4 Bb7 11.h3 Qd7 12.Rd1 Qc7 13.Be3 Rfd8 14.Na3 Rxd1+ 15.Rxd1 Rd8 16.Nb5 Qb8
17.g4 Rxd1+ 18.Qxd1 Na5 19.Qd3 a6 20.Na3 Qa8 21.Ng3 Qc8 22.g5 Nd7 23.Nc2 Bc6
24.b4 Bb5 25.Qd1 Nc4 26.Bf2 Nb2 27.Qd2 Nc4 28.Qe1 e5 29.Nf5 Bf8 30.Nce3 exf4
31.Nd5 Qd8 32.h4 Nde5 33.Qd1 Kh8 34.bxc5 bxc5 35.a4 Nb2 36.Qc1 Nbd3 37.Qa1 Bxa4
38.c4 Bd7 39.Qxa6 Nxf2 40.Kxf2 h6 41.Qb6 Qxb6 42.Nxb6 Be6 43.Bf1 hxg5 44.hxg5 g6
45.Nh4 Be7 46.Nf3 Ng4+ 47.Ke1 Ne3 48.Bd3 Bg4 49.Ne5 Kg7 50.Nxg4 Nxg4 51.Nd7 f3
52.Bf1 Bd6 53.Bh3 Bg3+ 54.Kd2 Nf2 55.Bf1 Bf4+ 56.Ke1 Nxe4 57.Bd3 Bg3+ 58.Kf1 Nf2
59.Nxc5 Ng4 60.Ne4 Bf4 61.c5 Kf8 62.Ba6 Ke7 63.Bc8 Ne5 64.Kf2 Bc1 65.Bh3 Kd8
66.Bf1 Kc7 67.Bb5 Bf4 68.Be8 Kd8 69.Ba4 Kc7 70.Be8 Kd8 71.Ba4 Bc1 72.Bb5 Kc7
73.Be8 Kb8 74.Ba4 Ka7 75.Bb5 Kb7 76.Nd6+ Kc7 77.Ne4 Kb7 78.Nd6+ Kb8 79.Ne4 Ka7
80.Bf1 Ba3  1/2-1/2

[Event "Lang mem"]
[Site "Brno"]
[Date "1985.??.??"]
[Round "9"]
[White "Popela, Pavel"]
[Black "Stypka, Mieczyslaw"]
[Result "1-0"]
[WhiteElo "2230"]
[BlackElo "2295"]

1.e4 c5 2.c3 Nf6 3.e5 Nd5 4.d4 cxd4 5.Nf3 Nc6 6.Bc4 e6 7.cxd4 d6 8.Qe2 Nb6
9.Bb3 d5 10.h4 Bd7 11.Nc3 a6 12.h5 Nc8 13.Rh4 N8a7 14.Rg4 Qb6 15.Bg5 h6 16.Bh4 Na5
17.Nd2 N7c6 18.Na4 Qa7 19.Qe3 Nxb3 20.axb3 Nb4 21.Rc1 b6 22.Kf1 Qb7 23.Kg1 Rc8
24.Rxc8+ Bxc8 25.Nc3 Bd7 26.Qg3 Nc6 27.Rxg7 Bxg7 28.Qxg7 Rf8 29.Nce4  1-0

[Event "Alfoldi mem (Women)"]
[Site "Budapest"]
[Date "1985.??.??"]
[Round "?"]
[White "Bilunova, Rimma I"]
[Black "Porubszky Angyalosine, Maria A"]
[Result "1/2-1/2"]
[WhiteElo "2165"]
[BlackElo "2160"]

1.e4 c5 2.c3 Nf6 3.e5 Nd5 4.d4 cxd4 5.Nf3 e6 6.Nxd4 Qc7 7.f4 a6 8.Bd3 d6
9.Qe2 dxe5 10.Qxe5 Qxe5+ 11.fxe5 Nd7 12.Nf3 Bc5 13.Ke2 O-O 14.c4 Ne7 15.Nc3 Nc6
16.Bf4 Bd4 17.Nxd4 Nxd4+ 18.Kd2 Nc6 19.Rhe1 Nc5 20.Ne4 Nxe4+ 21.Bxe4 Bd7
22.Kc3 Rfc8 23.Rad1 Be8 24.b4 h6 25.g4 b5 26.cxb5 axb5 27.Kb2 Ra4 28.a3 Nxb4
29.axb4 Rxb4+ 30.Ka3 Ra4+ 31.Kb3 Rcc4 32.Rd8 Rab4+ 33.Ka3 Ra4+ 34.Kb3 Rab4+  1/2-1/2

[Event "Capablanca mem-B"]
[Site "Cienfuegos"]
[Date "1985.??.??"]
[Round "4"]
[White "Montiel, Pedro"]
[Black "Ortega, Lexy"]
[Result "0-1"]
[WhiteElo "2310"]
[BlackElo "2385"]

1.e4 c5 2.c3 Nf6 3.e5 Nd5 4.d4 cxd4 5.cxd4 e6 6.Nf3 Nc6 7.Nc3 d6 8.Bd2 dxe5
9.dxe5 Nxc3 10.Bxc3 Qxd1+ 11.Rxd1 Bd7 12.Ng5 Rd8 13.Bc4 Bb4 14.Bxb4 Nxb4
15.O-O Ke7 16.a3 Nc6 17.f4 Na5 18.Bd3 Ba4 19.b3 Bxb3 20.Rd2 Nc4 21.Bxc4 Bxc4
22.Rxd8 Rxd8 23.Rc1 b5 24.a4 a6 25.axb5 axb5 26.Ne4 Bd5 27.Nd6 b4 28.Rc7+ Kf8
29.Nxf7 Rb8 30.Ng5 b3 31.Nxh7+ Kg8  0-1

[Event "Capablanca mem-A"]
[Site "Cienfuegos"]
[Date "1985.??.??"]
[Round "7"]
[White "Pinal, Nelson Borges"]
[Black "Bellon Lopez, Juan Manuel"]
[Result "1/2-1/2"]
[WhiteElo "2405"]
[BlackElo "2445"]

1.e4 c5 2.c3 Nf6 3.e5 Nd5 4.d4 cxd4 5.Nf3 e6 6.cxd4 b6 7.Nc3 Nxc3 8.bxc3 Qc7
9.Bd2 Bb7 10.Bd3 d6 11.O-O Nd7 12.Re1 dxe5 13.Nxe5 Nxe5 14.Rxe5 Bd6 15.Rh5 g6
16.Rh3 O-O 17.Qg4 f5 18.Qe2 Rae8 19.Re1 Kh8 20.Bb5  1/2-1/2

[Event "Esbjerg"]
[Site "Esbjerg"]
[Date "1985.??.??"]
[Round "8"]
[White "Plaskett, Jim"]
[Black "Kristiansen, Jens"]
[Result "1/2-1/2"]
[WhiteElo "2480"]
[BlackElo "2390"]

1.e4 c5 2.c3 Nf6 3.e5 Nd5 4.Nf3 b6 5.d4 cxd4 6.Bd3 Bb7 7.cxd4 e6 8.O-O Be7
9.Re1 Na6 10.Nbd2 h6 11.Ne4 Nab4 12.Bb1 Rc8 13.a3 Nc6 14.Ba2 Na5 15.Qd3 Qc7
16.Re2 O-O 17.b4 Nc4 18.Ng3 f5 19.exf6 Rxf6 20.Bb1 Rxf3 21.Qxf3 Ne5 22.dxe5 Qxc1+
23.Nf1 Qg5 24.Be4 Rf8 25.Qg3 Qh5 26.Bf3 Qf7 27.Bxd5 Bxd5 28.Ne3 Bc6 29.Ng4 Kh8
30.Qd3 Bg5 31.h3 b5 32.Rf1 Bd8 33.f4 Bb6+ 34.Kh2 Qh5 35.Rc2 Qf7 36.Ne3 a6
37.f5 Qe7 38.Re2 exf5 39.Rxf5 Rxf5 40.Nxf5 Qf7 41.Ng3 Bc7 42.Qf5 Qd5 43.Qg6 Bb7
44.Qe8+ Kh7 45.Nh5 Qc6 46.Qf7 Bxe5+ 47.Ng3  1/2-1/2

[Event "FIN-ch"]
[Site "Espoo"]
[Date "1985.??.??"]
[Round "?"]
[White "Havansi, Erkki ET"]
[Black "Kivisto, Mikko"]
[Result "1/2-1/2"]
[WhiteElo "2295"]
[BlackElo "2250"]

1.e4 c5 2.c3 Nf6 3.e5 Nd5 4.d4 cxd4 5.cxd4 d6 6.Nf3 Nc6 7.Bc4 Nb6 8.Bb5 dxe5
9.Nxe5 Bd7 10.Bxc6 Bxc6 11.Nxc6 bxc6 12.O-O g6 13.Qf3 Qd5 14.Qxd5 cxd5 15.Be3 Bg7
16.Nd2 O-O 17.Rfc1 Rac8 18.b3 Nd7 19.Nf3 Rfe8 20.Rxc8 Rxc8 21.Rc1 Rxc1+ 22.Bxc1 Nb8
23.Ba3 Nc6 24.Bc5 Kf8 25.Kf1 Ke8 26.Ke2 f6 27.b4 a6 28.Kd3 Kd7 29.Nd2 e5
30.Kc3 Nd8 31.Nb3 Ne6 32.a4 f5 33.g3 g5 34.dxe5 Bxe5+ 35.Kd3 h5 36.Bd4 Bd6
37.b5 axb5 38.axb5 g4 39.Bf6 f4 40.Bd4  1/2-1/2

[Event "Mittelfranken"]
[Site "Germany"]
[Date "1985.??.??"]
[Round "?"]
[White "Roeder, Frank"]
[Black "Kraft, Volker"]
[Result "1/2-1/2"]
[WhiteElo "2250"]
[BlackElo "2200"]

1.e4 c5 2.c3 Nf6 3.e5 Nd5 4.d4 cxd4 5.cxd4 d6 6.Nf3 Nc6 7.Bc4 Nb6 8.Bb5 dxe5
9.Nxe5 Bd7 10.Bxc6 Bxc6 11.O-O e6 12.Qg4 Qf6 13.Bg5 h5 14.Qh4 Qf5 15.Nxc6 bxc6
16.Nc3 Kd7 17.f3 Nd5 18.Rac1 Rb8 19.Nxd5 Qxd5 20.Qf4 Be7 21.Bxe7 Kxe7 22.Rc5 Qd6
23.Qh4+ f6 24.Rfc1 Rhd8  1/2-1/2

[Event "Hamburg HSV"]
[Site "Hamburg"]
[Date "1985.??.??"]
[Round "?"]
[White "Westerinen, Heikki MJ"]
[Black "Wegner, Hannu"]
[Result "1/2-1/2"]
[WhiteElo "2390"]
[BlackElo "2210"]

1.e4 c5 2.c3 Nf6 3.e5 Nd5 4.d4 cxd4 5.Nf3 Nc6 6.Bc4 Nb6 7.Bb3 d6 8.exd6 Qxd6
9.O-O Be6 10.Na3 Bxb3 11.Qxb3 e6 12.Nb5 Qb8 13.Re1 Be7 14.Nbxd4 O-O 15.Nxc6 bxc6
16.c4 Qc7 17.Qc2 c5 18.Ng5 Bxg5 19.Bxg5 f6 20.Be3 e5 21.b3 f5 22.f3 Rae8
23.Bf2 Qc6 24.Re2 e4 25.fxe4 Rxe4 26.Rxe4 fxe4 27.Re1 Re8 28.Be3 Nd7 29.Bf2  1/2-1/2

[Event "Hamburg-ch"]
[Site "Hamburg"]
[Date "1985.??.??"]
[Round "?"]
[White "Stein, Bernd"]
[Black "Reddmann, Hauke"]
[Result "1-0"]
[WhiteElo "2380"]
[BlackElo "2200"]

1.e4 c5 2.c3 Nf6 3.e5 Nd5 4.d4 cxd4 5.Qxd4 e6 6.Nf3 Nc6 7.Qe4 d6 8.Bb5 Bd7
9.c4 Nc7 10.exd6 Bxd6 11.O-O Qe7 12.Rd1 a6 13.Ba4 b5 14.Bb3 Rd8 15.cxb5 Nxb5
16.a4 Nc7 17.Qg4 Kf8 18.Nc3 h5 19.Qe4 Na5 20.Ba2 Bc6 21.Qe2 Bb7 22.Bg5 f6
23.Be3 h4 24.Bb6 Rh5 25.Bxc7 Qxc7 26.Qxe6 Rh8 27.Nxh4 Bxh2+ 28.Kf1  1-0

[Event "URS-ch sf"]
[Site "Kostroma"]
[Date "1985.??.??"]
[Round "12"]
[White "Malaniuk, Vladimir P"]
[Black "Basin, Leonid"]
[Result "1/2-1/2"]
[WhiteElo "2465"]
[BlackElo "2200"]

1.e4 c5 2.c3 Nf6 3.e5 Nd5 4.d4 cxd4 5.Qxd4 e6 6.Nf3 Nc6 7.Qe4 d6 8.Nbd2 Be7
9.Nc4 dxe5 10.Ncxe5 Nxe5 11.Nxe5 O-O 12.Bd3 Nf6 13.Qe2 Bd6 14.Nc4 Bc7 15.Bg5 h6
16.Bh4 Bd7 17.O-O-O Qe7 18.Ne5 Bxe5 19.Qxe5 Bc6 20.Bc2 Rfd8 21.f3 a6 22.a4 Rxd1+
23.Rxd1 Rd8 24.Rxd8+ Qxd8 25.b4 g5 26.Bf2 Nd7 27.Qd6 Qf6 28.Bd4 Qf4+ 29.Qxf4 gxf4
30.c4 b6 31.b5 axb5 32.cxb5 Bd5 33.Kb2 Kf8 34.Ka3 Ke7 35.Kb4 Kd6 36.a5 bxa5+
37.Kxa5 Bc4 38.Kb4 Bf1 39.g4 fxg3 40.hxg3 Bg2 41.Bd1 e5 42.Be3 Nf6 43.Ka5 Nd5
44.Bd2 h5 45.Be2 f5 46.Ka6 Nc7+ 47.Kb6 f4 48.gxf4 Nd5+ 49.Ka7 h4 50.Be1 h3
51.Bg3 exf4 52.Bh2  1/2-1/2

[Event "WchT U26"]
[Site "Mendoza"]
[Date "1985.??.??"]
[Round "4"]
[White "Rozentalis, Eduardas"]
[Black "Souza, Ivan"]
[Result "1-0"]
[WhiteElo "2490"]
[BlackElo "2300"]

1.e4 c5 2.c3 Nf6 3.e5 Nd5 4.d4 cxd4 5.Qxd4 e6 6.Nf3 Nc6 7.Qe4 d6 8.Nbd2 Qc7
9.Nc4 dxe5 10.Ncxe5 f5 11.Qe2 Bd6 12.Nc4 O-O 13.g3 e5 14.Qd1 Nce7 15.Nxd6 Qxd6
16.c4 e4 17.Ng5 f4 18.cxd5 e3 19.fxe3 fxg3 20.Qd3 Qb4+ 21.Bd2 Qh4 22.Qxh7+ Qxh7
23.Nxh7 Kxh7 24.hxg3+ Kg6 25.Bd3+ Bf5 26.e4 Bd7 27.Bf4 Rac8 28.Kd2 Rfe8  1-0